[Event "Aragon-chT Honor Gr II"]
[Site "Aragon"]
[Date "2023.03.04"]
[Round "6.7"]
[White "Cerrajeria Ruiz, Jesus Maria"]
[Black "Miranda Herrera, Miguel"]
[Result "0-1"]
[WhiteElo "2064"]
[BlackElo "1976"]
[PlyCount "152"]
[EventDate "2023.01.28"]
[EventType "team-tourn"]
[EventRounds "7"]
[EventCountry "ESP"]
[SourceTitle "EXT 2024"]
[Source "ChessBase"]
[SourceDate "2023.10.10"]
[SourceVersion "1"]
[SourceVersionDate "2023.10.10"]
[SourceQuality "1"]
[WhiteTeam "Helios"]
[BlackTeam "Marcos Frechin"]
[WhiteTeamCountry "ESP"]
[BlackTeamCountry "ESP"]

1. a3 d5 2. Nf3 Nf6 3. g3 Bf5 4. Bg2 Nbd7 5. d4 h6 6. c4 e6 7. 0-0 c6 8. Qb3 Qb6 9. Qxb6 axb6 10. Nbd2 Ne4 11. Nh4 Nxd2 12. Bxd2 dxc4 13. Nxf5 exf5 14. d5 c5 15. Rfc1 b5 16. d6 Bxd6 17. Bxb7 Rb8 18. Bc6 Rb6 19. Bxd7+ Kxd7 20. Bc3 f6 21. f4 Ra8 22. Kf2 Ke6 23. Bd2 g5 24. Be3 g4 25. Rc2 h5 26. h3 Rh8 27. h4 Be7 28. Rd1 Rd6 29. Re1 Kd5 30. a4 bxa4 31. Rec1 Rc6 32. Rd1+ Ke6 33. Rxc4 Rb8 34. Bc1 Rb4 35. Rc2 Rd6 36. Re1 Rdd4 37. Bd2 Rdc4 38. Bc3 Rb3 39. Ra1 Bd8 40. Rd2 Bc7 41. Rd3 Re4 42. e3 c4 43. Rd4 a3 44. Rxa3 Rxa3 45. bxa3 Rxd4 46. Bxd4 Ba5 47. Ke2 Kd5 48. Bxf6 Ke4 49. a4 c3 50. Bd4 Bb4 51. Be5 Ba5 52. Bd4 Bb4 53. Bf6 Ba5 54. Be7 Bb6 55. Bb4 c2 56. Bd2 Bc5 57. a5 Ba7 58. Bc1 Bc5 59. a6 Ba7 60. Kd2 Kf3 61. Kxc2 Kxg3 62. e4 fxe4 63. f5 Kxh4 64. Bf4 g3 65. f6 g2 66. Bh2 Kh3 67. Bg1 Bxg1 68. f7 Bc5 69. a7 Bxa7 70. f8Q g1Q 71. Qc8+ Qg4 72. Qc3+ Qf3 73. Qc8+ Kg2 74. Qg8+ Kf2 75. Kb1 Qd1+ 76. Ka2 Qc2+ 0-1

[Event "Aragon-chT Honor Gr II"]
[Site "Aragon"]
[Date "2023.01.28"]
[Round "1.20"]
[White "Buil Solana, Mario"]
[Black "Cerrajeria Ruiz, Jesus Maria"]
[Result "0-1"]
[WhiteElo "1747"]
[BlackElo "2064"]
[PlyCount "66"]
[EventDate "2023.01.28"]
[EventType "team-tourn"]
[EventRounds "7"]
[EventCountry "ESP"]
[SourceTitle "EXT 2024"]
[Source "ChessBase"]
[SourceDate "2023.10.10"]
[SourceVersion "1"]
[SourceVersionDate "2023.10.10"]
[SourceQuality "1"]
[WhiteTeam "Monzon"]
[BlackTeam "Helios"]
[WhiteTeamCountry "ESP"]
[BlackTeamCountry "ESP"]

1. d4 Nf6 2. Bg5 Ne4 3. Bf4 c5 4. f3 Nf6 5. e4 cxd4 6. Qxd4 Nc6 7. Qd2 d5 8. Nc3 d4 9. Nce2 e5 10. Bg5 Be7 11. c3 0-0 12. 0-0-0 Be6 13. Kb1 Nxe4 14. fxe4 Bxg5 15. Qe1 Qa5 16. b3 Qa3 17. Nc1 dxc3 18. Qxc3 Nb4 19. Qb2 Qxb2+ 20. Kxb2 Rfc8 21. a3 Rc2+ 22. Kb1 Rac8 23. Bc4 Bxc4 24. bxc4 Bxc1 25. axb4 R2xc4 26. Nf3 Rxb4+ 27. Ka2 Ra4+ 28. Kb1 Be3 29. Rd3 Rxe4 30. Re1 Rb4+ 31. Ka1 Bd4+ 32. Nxd4 exd4 33. Re7 Kf8 0-1

[Event "Aragon-chT Honor Titulo"]
[Site "Aragon"]
[Date "2022.04.02"]
[Round "10.11"]
[White "Martinez Cebolla, Alberto"]
[Black "Cerrajeria Ruiz, Jesus Maria"]
[Result "0-1"]
[WhiteElo "2059"]
[BlackElo "2065"]
[PlyCount "68"]
[EventDate "2022.03.19"]
[EventType "team-tourn"]
[EventRounds "10"]
[EventCountry "ESP"]
[SourceTitle "EXT 2024"]
[Source "ChessBase"]
[SourceDate "2023.10.10"]
[SourceVersion "1"]
[SourceVersionDate "2023.10.10"]
[SourceQuality "1"]
[WhiteTeam "IberCaja"]
[BlackTeam "Helios"]
[WhiteTeamCountry "ESP"]
[BlackTeamCountry "ESP"]

1. e4 c5 2. Nf3 g6 3. c3 Nf6 4. e5 Nd5 5. d4 Bg7 6. dxc5 Nc7 7. b4 Nc6 8. Bf4 Ne6 9. Bg3 Qc7 10. Qd5 a5 11. b5 Ncd8 12. Be2 Qxc5 13. Qxc5 Nxc5 14. 0-0 Ne4 15. Bd3 Nxg3 16. hxg3 b6 17. Be4 Bb7 18. Nbd2 Bxe4 19. Nxe4 Ne6 20. Rac1 Rc8 21. c4 Nc5 22. Nxc5 Rxc5 23. Rfe1 e6 24. Red1 Ke7 25. Rd6 Rb8 26. Rcd1 Rb7 27. R6d4 f6 28. exf6+ Bxf6 29. Re4 Rbc7 30. Nd2 d5 31. cxd5 Rxd5 32. Rde1 Rxd2 33. Rxe6+ Kf7 34. Rxb6 Bd4 0-1

[Event "Aragon-chT Honor Gr I"]
[Site "Aragon"]
[Date "2022.02.19"]
[Round "4.11"]
[White "Cerrajeria Ruiz, Jesus Maria"]
[Black "Cobo Garrido, Diego Israel"]
[Result "1-0"]
[WhiteElo "2065"]
[BlackElo "2076"]
[PlyCount "67"]
[EventDate "2022.01.29"]
[EventType "team-tourn"]
[EventRounds "7"]
[EventCountry "ESP"]
[SourceTitle "EXT 2024"]
[Source "ChessBase"]
[SourceDate "2023.10.10"]
[SourceVersion "1"]
[SourceVersionDate "2023.10.10"]
[SourceQuality "1"]
[WhiteTeam "Helios"]
[BlackTeam "Aragon ONCE"]
[WhiteTeamCountry "ESP"]
[BlackTeamCountry "ESP"]

1. Nf3 d5 2. g3 Nf6 3. Bg2 e6 4. 0-0 Be7 5. d3 0-0 6. Nbd2 Nbd7 7. e4 dxe4 8. dxe4 c6 9. e5 Ng4 10. Qe2 Qc7 11. Nc4 b5 12. h3 bxc4 13. hxg4 a5 14. Re1 Ba6 15. Nd4 c3 16. Qe4 cxb2 17. Bxb2 Rab8 18. Bc3 Bb4 19. Bxb4 Rxb4 20. c3 Rb6 21. Nb3 Rb5 22. Qxc6 Qa7 23. Bf1 Rb6 24. Qa4 Bxf1 25. Kxf1 Rc8 26. Rad1 Nf8 27. Re3 Qa6+ 28. Kg1 h6 29. Red3 Rb5 30. Rd6 Qb7 31. Nxa5 Qb8 32. Nc6 Rxc6 33. Rxc6 Qxe5 34. Rc8 1-0

[Event "Aragon-chT Honor Descenso"]
[Site "Aragon"]
[Date "2021.05.29"]
[Round "9.26"]
[White "Cerrajeria Ruiz, Jesus Maria"]
[Black "Salamero Pelay, Fernando"]
[Result "0-1"]
[WhiteElo "2125"]
[BlackElo "2059"]
[PlyCount "60"]
[EventDate "2021.05.15"]
[EventType "team-tourn"]
[EventRounds "10"]
[EventCountry "ESP"]
[SourceTitle "EXT 2024"]
[Source "ChessBase"]
[SourceDate "2023.10.10"]
[SourceVersion "1"]
[SourceVersionDate "2023.10.10"]
[SourceQuality "1"]
[WhiteTeam "Helios"]
[BlackTeam "Huesca Club Atletismo"]
[WhiteTeamCountry "ESP"]
[BlackTeamCountry "ESP"]

1. Nf3 g6 2. e4 Bg7 3. d4 d6 4. Bc4 e6 5. 0-0 b6 6. Qe2 a6 7. e5 d5 8. Bd3 Ne7 9. h4 c5 10. dxc5 bxc5 11. c4 Nbc6 12. Nc3 Qc7 13. cxd5 exd5 14. Bf4 Bg4 15. Qe3 d4 16. e6 dxe3 17. exf7+ Kd8 18. Bxc7+ Kxc7 19. fxe3 Bxf3 20. gxf3 Bxc3 21. bxc3 Ne5 22. Be4 Rab8 23. f4 Nxf7 24. Bd3 Rb2 25. Bxa6 Ra8 26. Bc4 Nd6 27. Be6 Nef5 28. Rf2 Rab8 29. Re1 Ne4 30. Rxb2 Rxb2 0-1

[Event "Aragon-chT Honor Descenso"]
[Site "Aragon"]
[Date "2021.05.15"]
[Round "8.26"]
[White "Perez Dominguez, Carlos Gines"]
[Black "Cerrajeria Ruiz, Jesus Maria"]
[Result "0-1"]
[WhiteElo "1571"]
[BlackElo "2125"]
[PlyCount "63"]
[EventDate "2021.05.15"]
[EventType "team-tourn"]
[EventRounds "10"]
[EventCountry "ESP"]
[SourceTitle "EXT 2024"]
[Source "ChessBase"]
[SourceDate "2023.10.10"]
[SourceVersion "1"]
[SourceVersionDate "2023.10.10"]
[SourceQuality "1"]
[WhiteTeam "Teruel"]
[BlackTeam "Helios"]
[WhiteTeamCountry "ESP"]
[BlackTeamCountry "ESP"]

1. c4 Nf6 2. g3 g6 3. Bg2 Bg7 4. e4 d6 5. Ne2 c5 6. Nbc3 Nc6 7. d3 0-0 8. 0-0 Bd7 9. h3 Ne8 10. f4 Nc7 11. Be3 Ne6 12. f5 Ned4 13. g4 e6 14. fxg6 fxg6 15. Qd2 Qe7 16. Bh6 Nxe2+ 17. Nxe2 Bxh6 18. Qxh6 Qg7 19. Qe3 Rxf1+ 20. Rxf1 Qxb2 21. Qf4 Ne5 22. Ng3 Qb6 23. Nf5 exf5 24. exf5 Bc6 25. f6 Nf7 26. Re1 Qb2 27. Bxc6 bxc6 28. g5 Qd4+ 29. Qxd4 cxd4 30. h4 Ne5 31. Re4 Rb8 32. Rxd4 0-1

[Event "Aragon-chT Honor Gr-I"]
[Site "Aragon"]
[Date "2020.02.29"]
[Round "6.20"]
[White "Cerrajeria Ruiz, Jesus Maria"]
[Black "Sacristan Latorre, Carlos"]
[Result "1-0"]
[WhiteElo "2158"]
[BlackElo "1663"]
[PlyCount "95"]
[EventDate "2020.01.25"]
[EventType "team-tourn"]
[EventRounds "7"]
[EventCountry "ESP"]
[SourceTitle "EXT 2022"]
[Source "ChessBase"]
[SourceDate "2021.10.06"]
[SourceVersion "1"]
[SourceVersionDate "2021.10.06"]
[SourceQuality "1"]
[WhiteTeam "Helios"]
[BlackTeam "Palacio de Pioneros II"]
[WhiteTeamCountry "ESP"]
[BlackTeamCountry "ESP"]

1. g3 g6 2. Bg2 Bg7 3. Nf3 Nf6 4. 0-0 0-0 5. c4 d5 6. cxd5 Qxd5 7. d4 Rd8 8. Nc3 Qa5 9. Qb3 Nc6 10. Bf4 Nh5 11. Be3 Nxd4 12. Bxd4 Bxd4 13. Rfd1 c5 14. Nd5 Bf6 15. Nxf6+ Nxf6 16. Rxd8+ Qxd8 17. Rd1 Qc7 18. Ng5 e6 19. Qd3 Bd7 20. Ne4 Nxe4 21. Qxd7 Qxd7 22. Rxd7 Nf6 23. Rxb7 a6 24. Rxf7 Kxf7 25. Bxa8 Ke7 26. f4 Kd6 27. Bf3 c4 28. Kf2 Kc5 29. Ke3 a5 30. Kd2 Kb4 31. g4 Nd7 32. Kc2 Nc5 33. Bc6 a4 34. a3+ Ka5 35. Kc3 Kb6 36. Be8 Ne4+ 37. Kb4 Nf6 38. Bxa4 Nxg4 39. Bd7 Nxh2 40. Bxe6 Nf1 41. Kxc4 Ne3+ 42. Kd3 Nd1 43. b3 Nf2+ 44. Ke3 Nd1+ 45. Kd4 Nf2 46. e4 h5 47. e5 h4 48. Ke3 1-0

[Event "Aragon-chT Honor Gr-B"]
[Site "Aragon"]
[Date "2019.03.02"]
[Round "6.7"]
[White "Cerrajeria Ruiz, Jesus Maria"]
[Black "Quintin Navarro, Alberto"]
[Result "0-1"]
[WhiteElo "2137"]
[BlackElo "2391"]
[PlyCount "54"]
[EventDate "2019.01.26"]
[EventType "team-tourn"]
[EventRounds "7"]
[EventCountry "ESP"]
[SourceTitle "EXT 2020"]
[Source "ChessBase"]
[SourceDate "2019.10.17"]
[SourceVersion "1"]
[SourceVersionDate "2019.10.17"]
[SourceQuality "1"]
[WhiteTeam "Helios"]
[BlackTeam "St Casablanca"]
[WhiteTeamCountry "ESP"]
[BlackTeamCountry "ESP"]

1. g3 c5 2. Bg2 g6 3. d4 cxd4 4. Qxd4 Nf6 5. c4 Bg7 6. Nc3 0-0 7. Qh4 Nc6 8. Nf3 d6 9. 0-0 Be6 10. Ng5 Bd7 11. Nd5 h5 12. Rd1 Ne5 13. Nxf6+ Bxf6 14. Bxb7 Rb8 15. Be4 Qc7 16. b3 Nxc4 17. Rb1 Ne5 18. h3 Bb5 19. Rb2 Rbc8 20. g4 Qxc1 21. Rxc1 Rxc1+ 22. Kg2 Rc5 23. b4 Rc4 24. f3 Kg7 25. gxh5 Rh8 26. Qg3 Rxh5 27. h4 e6 0-1

[Event "Aragon-chT Honor Gr-B"]
[Site "Aragon"]
[Date "2019.02.23"]
[Round "5.8"]
[White "Cobo Garrido, Diego Israel"]
[Black "Cerrajeria Ruiz, Jesus Maria"]
[Result "0-1"]
[WhiteElo "2084"]
[BlackElo "2137"]
[PlyCount "148"]
[EventDate "2019.01.26"]
[EventType "team-tourn"]
[EventRounds "7"]
[EventCountry "ESP"]
[SourceTitle "EXT 2020"]
[Source "ChessBase"]
[SourceDate "2019.10.17"]
[SourceVersion "1"]
[SourceVersionDate "2019.10.17"]
[SourceQuality "1"]
[WhiteTeam "Aragon ONCE"]
[BlackTeam "Helios"]
[WhiteTeamCountry "ESP"]
[BlackTeamCountry "ESP"]

1. e4 c5 2. Nf3 g6 3. d4 cxd4 4. Qxd4 Nf6 5. Nc3 Nc6 6. Qa4 d6 7. e5 dxe5 8. Nxe5 Qd4 9. Nxc6 Qxa4 10. Nxa4 bxc6 11. Bd3 Bg7 12. Be3 Nd5 13. Bc5 0-0 14. 0-0 Rd8 15. Rfe1 e5 16. c4 Nb6 17. Bxb6 Rxd3 18. Bc7 f6 19. Nc5 Rd4 20. Rad1 Bf5 21. b3 Bf8 22. Na4 Bb4 23. Rxd4 exd4 24. Rf1 Bd3 25. Rd1 Re8 26. f3 Re1+ 27. Rxe1 Bxe1 28. Nb2 Be2 29. Bg3 Bc3 30. Na4 Bb4 31. Kf2 Bd3 32. Bb8 Bc2 33. Bxa7 d3 34. Nb2 Bc3 35. Na4 Bb4 36. Nb2 Ba3 37. Nxd3 Bxd3 38. Bd4 Kf7 39. Ke3 Bb1 40. Kd2 c5 41. Bf2 Ke6 42. Kc3 h5 43. Bg3 Kf5 44. Bd6 g5 45. Bc7 g4 46. Bd6 gxf3 47. gxf3 Kg5 48. Be7 Bg6 49. Bd8 Be8 50. Kc2 Bg6+ 51. Kc3 h4 52. Be7 h3 53. Bd8 Bh5 54. f4+ Kf5 55. Be7 Bf3 56. Kc2 Be4+ 57. Kc3 Ke6 58. Bd8 Bb1 59. Bc7 f5 60. Ba5 Kf6 61. b4 cxb4+ 62. Bxb4 Bc1 63. Bd6 Bxa2 64. Kd4 Ke6 65. Bc7 Bb2+ 66. Kc5 Bc3 67. Kb5 Be1 68. Bb6 Bd2 69. Bc7 Be3 70. c5 Bg1 71. Be5 Bxh2 72. c6 Bg1 73. Ka6 Bd5 74. c7 Kd7 0-1

[Event "Aragon-chT Honor Titulo"]
[Site "Aragon"]
[Date "2018.04.07"]
[Round "10.7"]
[White "Dan, Teodor"]
[Black "Cerrajeria Ruiz, Jesus Maria"]
[Result "1-0"]
[WhiteElo "2164"]
[BlackElo "2142"]
[PlyCount "85"]
[EventDate "2018.03.17"]
[EventType "team-tourn"]
[EventRounds "10"]
[EventCountry "ESP"]
[SourceTitle "EXT 2019"]
[Source "ChessBase"]
[SourceDate "2018.10.10"]
[SourceVersion "1"]
[SourceVersionDate "2018.10.10"]
[SourceQuality "1"]
[WhiteTeam "Palacio de Pioneros"]
[BlackTeam "Helios"]
[WhiteTeamCountry "ESP"]
[BlackTeamCountry "ESP"]

1. d4 Nf6 2. c4 c5 3. d5 b5 4. cxb5 a6 5. bxa6 Bxa6 6. Nc3 d6 7. Nf3 g6 8. g3 Bg7 9. Bg2 0-0 10. 0-0 Qa5 11. Bd2 Nbd7 12. Rb1 Rfb8 13. Qc2 Ng4 14. a4 Qd8 15. b3 Nb6 16. Nh4 Bf6 17. Qe4 Bc8 18. Qc2 Bg7 19. h3 Nf6 20. f4 Bb7 21. e4 Ba6 22. Rfe1 Ra7 23. Kh2 Ne8 24. e5 dxe5 25. fxe5 Nc7 26. e6 fxe6 27. Bf4 exd5 28. a5 Nd7 29. Nxd5 e5 30. Bd2 Nb5 31. b4 Nd4 32. Qa2 Kh8 33. bxc5 Rxb1 34. Qxb1 Rb7 35. Nb6 Nxc5 36. Bc3 Rb8 37. Rd1 Ncb3 38. Be4 Qd6 39. Qb2 Nc5 40. Bb4 Qc7 41. Rc1 Na4 42. Nxa4 Rxb4 43. Rxc7 1-0

[Event "Aragon-chT Honor Titulo"]
[Site "Aragon"]
[Date "2018.03.17"]
[Round "8.11"]
[White "Lacruz Algarate, Alvaro"]
[Black "Cerrajeria Ruiz, Jesus Maria"]
[Result "0-1"]
[WhiteElo "2113"]
[BlackElo "2142"]
[PlyCount "52"]
[EventDate "2018.03.17"]
[EventType "team-tourn"]
[EventRounds "10"]
[EventCountry "ESP"]
[SourceTitle "EXT 2019"]
[Source "ChessBase"]
[SourceDate "2018.10.10"]
[SourceVersion "1"]
[SourceVersionDate "2018.10.10"]
[SourceQuality "1"]
[WhiteTeam "Agrupacion"]
[BlackTeam "Helios"]
[WhiteTeamCountry "ESP"]
[BlackTeamCountry "ESP"]

1. e4 c5 2. Nf3 g6 3. c3 Bg7 4. d4 cxd4 5. cxd4 d5 6. e5 Nc6 7. Nc3 Nh6 8. Bb5 0-0 9. Bxc6 bxc6 10. 0-0 Bg4 11. h3 Bxf3 12. Qxf3 Nf5 13. Qd3 c5 14. dxc5 d4 15. Ne4 Bxe5 16. b4 Qd5 17. Re1 Rfd8 18. a4 Ng7 19. Rb1 Ne6 20. a5 Bc7 21. Nd2 Nf4 22. Qf3 d3 23. Rxe7 Qxf3 24. Nxf3 Nd5 25. Re1 Nxb4 26. Re7 Nd5 0-1

[Event "Aragon-chT Honor Gr I"]
[Site "Aragon"]
[Date "2018.03.10"]
[Round "7.12"]
[White "Cerrajeria Ruiz, Jesus Maria"]
[Black "Hernando Garcia, Antonio"]
[Result "1-0"]
[WhiteElo "2142"]
[BlackElo "2158"]
[PlyCount "81"]
[EventDate "2018.01.27"]
[EventType "team-tourn"]
[EventRounds "7"]
[EventCountry "ESP"]
[SourceTitle "EXT 2019"]
[Source "ChessBase"]
[SourceDate "2018.10.10"]
[SourceVersion "1"]
[SourceVersionDate "2018.10.10"]
[SourceQuality "1"]
[WhiteTeam "Helios"]
[BlackTeam "El Olivar"]
[WhiteTeamCountry "ESP"]
[BlackTeamCountry "ESP"]

1. e4 c6 2. d3 d5 3. Nd2 Nf6 4. e5 Ng4 5. Qe2 Nh6 6. Nb3 g6 7. Bg5 Nf5 8. g4 Ng7 9. Bh6 Ne6 10. Bxf8 Kxf8 11. d4 h5 12. gxh5 Rxh5 13. 0-0-0 a5 14. Qe3 a4 15. Nd2 Qb6 16. Be2 Rh8 17. Nb1 Ng7 18. Bd3 Nf5 19. Bxf5 Bxf5 20. Ne2 Na6 21. a3 Rh3 22. f3 Nc7 23. Nf4 Rh8 24. h4 Ra5 25. h5 gxh5 26. Rxh5 Rxh5 27. Nxh5 Ne6 28. Nc3 Qa6 29. Ng3 Bg6 30. Qh6+ Ke8 31. f4 Be4 32. f5 Nf8 33. Ngxe4 dxe4 34. Nxe4 Qe2 35. Nc3 Qf2 36. d5 Qxf5 37. dxc6 Qxe5 38. cxb7 Rc5 39. Qb6 Nd7 40. Rxd7 Kxd7 41. b8Q 1-0

[Event "Aragon-chT Honor Gr I"]
[Site "Aragon"]
[Date "2018.02.10"]
[Round "3.16"]
[White "Fontana Sotomayour, Luis Javier"]
[Black "Cerrajeria Ruiz, Jesus Maria"]
[Result "1-0"]
[WhiteElo "2239"]
[BlackElo "2142"]
[PlyCount "153"]
[EventDate "2018.01.27"]
[EventType "team-tourn"]
[EventRounds "7"]
[EventCountry "ESP"]
[SourceTitle "EXT 2019"]
[Source "ChessBase"]
[SourceDate "2018.10.10"]
[SourceVersion "1"]
[SourceVersionDate "2018.10.10"]
[SourceQuality "1"]
[WhiteTeam "Jaime Casas"]
[BlackTeam "Helios"]
[WhiteTeamCountry "ESP"]
[BlackTeamCountry "ESP"]

1. d4 Nf6 2. Nf3 g6 3. Bg5 Ne4 4. Bh4 c5 5. c3 cxd4 6. Qxd4 Qb6 7. Nbd2 Qxd4 8. cxd4 d5 9. e3 Nc6 10. Rc1 Nxd2 11. Kxd2 f6 12. Bg3 e6 13. a3 g5 14. h3 h5 15. Bb5 Bd7 16. Ke2 Rc8 17. Bd3 Kf7 18. b4 a6 19. Nd2 Be7 20. Nb3 Na7 21. Nc5 Bxc5 22. bxc5 h4 23. Bh2 Rhe8 24. Rb1 Nb5 25. Kd2 Bc6 26. a4 Na7 27. Bd6 Rcd8 28. Rb4 Rd7 29. f3 Nc8 30. Bh2 Ne7 31. Rhb1 Ng8 32. Rb6 Nh6 33. Bxa6 bxa6 34. Rxc6 e5 35. dxe5 d4 36. e4 Ng8 37. exf6 Nxf6 38. Rd6 Ra7 39. c6 Ree7 40. Rxd4 Ne8 41. Bb8 Ra8 42. Rd7 Ke6 43. Rbb7 Rg7 44. Bh2 Rxd7+ 45. cxd7 Rd8 46. Rb6+ Kf7 47. Rxa6 Rxd7+ 48. Ke3 Rb7 49. Be5 Rb3+ 50. Kd4 Rb2 51. Ra7+ Ke6 52. Ra6+ Kf7 53. Ra7+ Ke6 54. Ra8 Kd7 55. a5 Rxg2 56. Ra7+ Ke6 57. Ra6+ Kf7 58. Rc6 Ra2 59. a6 Ke7 60. Rg6 Kf7 61. Rxg5 Rxa6 62. Ke3 Rh6 63. Kf4 Rh7 64. Kg4 Ke6 65. f4 Rh6 66. Bd4 Kf7 67. f5 Ra6 68. Be5 Ra4 69. Kf4 Ra3 70. Rh5 Rxh3 71. Rh7+ Kg8 72. Re7 Kf8 73. f6 Ra3 74. Rh7 h3 75. f7 h2 76. fxe8Q+ Kxe8 77. Rxh2 1-0

[Event "Aragon-chT Honor GrB"]
[Site "Aragon"]
[Date "2017.01.28"]
[Round "1.27"]
[White "Cerrajeria Ruiz, Jesus Maria"]
[Black "Gonzalez Gambau, Jorge"]
[Result "0-1"]
[WhiteElo "2187"]
[BlackElo "2105"]
[PlyCount "68"]
[EventDate "2017.01.28"]
[EventType "team-tourn"]
[EventRounds "7"]
[EventCountry "ESP"]
[SourceTitle "EXT 2018"]
[Source "ChessBase"]
[SourceDate "2017.10.13"]
[SourceVersion "1"]
[SourceVersionDate "2017.10.13"]
[SourceQuality "1"]
[WhiteTeam "Helios"]
[BlackTeam "Jaque"]
[WhiteTeamCountry "ESP"]
[BlackTeamCountry "ESP"]

1. Nf3 d5 2. g3 Nf6 3. Bg2 Bf5 4. c4 e6 5. Qb3 Na6 6. cxd5 exd5 7. Qxb7 Nc5 8. Qb5+ c6 9. Qxc6+ Bd7 10. Qxa8 Qxa8 11. Ne5 Bd6 12. Nxd7 Ncxd7 13. Nc3 0-0 14. 0-0 Re8 15. d3 Qb8 16. Be3 Bc5 17. d4 Bd6 18. Nxd5 Qxb2 19. Nxf6+ Nxf6 20. Bf3 h5 21. Rfb1 Qc3 22. Rc1 Qa3 23. Bg5 Ne4 24. Be3 h4 25. gxh4 f5 26. Rc6 f4 27. Bc1 Qa4 28. Bxe4 Qd1+ 29. Kg2 Rxe4 30. Rxd6 Qxe2 31. Ba3 Qg4+ 32. Kh1 f3 33. Rg1 Re1 34. Rg6 Rxg1# 0-1

[Event "Aragon-chT Honor GrA"]
[Site "Aragon"]
[Date "2016.02.27"]
[Round "5.7"]
[White "Cobo Garrido, Diego Israel"]
[Black "Cerrajeria Ruiz, Jesus Maria"]
[Result "1-0"]
[WhiteElo "2062"]
[BlackElo "2210"]
[PlyCount "155"]
[EventDate "2016.01.30"]
[EventType "team-tourn"]
[EventRounds "7"]
[EventCountry "ESP"]
[SourceTitle "EXT 2018"]
[Source "ChessBase"]
[SourceDate "2017.10.13"]
[SourceVersion "1"]
[SourceVersionDate "2017.10.13"]
[SourceQuality "1"]
[WhiteTeam "Aragon ONCE"]
[BlackTeam "Helios"]
[WhiteTeamCountry "ESP"]
[BlackTeamCountry "ESP"]

1. e4 c5 2. Nf3 g6 3. d4 cxd4 4. Qxd4 Nf6 5. Nc3 Nc6 6. Qa4 d6 7. e5 dxe5 8. Nxe5 Bg7 9. Bb5 0-0 10. Nxc6 bxc6 11. Bxc6 Bd7 12. 0-0 Rb8 13. Rd1 Bxc6 14. Rxd8 Bxa4 15. Rxf8+ Kxf8 16. Nxa4 Rd8 17. Be3 Ng4 18. Bxa7 Ra8 19. Rd1 Nf6 20. Nb6 Rxa7 21. Rd8+ Ne8 22. Nd7+ Rxd7 23. Rxd7 Bxb2 24. a4 Bc3 25. Rd3 Bb4 26. Rb3 Bd6 27. a5 Nc7 28. Rb8+ Kg7 29. c4 Kf6 30. Rb6 Na8 31. Rb7 Ke5 32. a6 Kd4 33. a7 Bc5 34. Rb8 Nc7 35. a8Q Nxa8 36. Rxa8 h5 37. Rf8 f6 38. Rh8 Kxc4 39. Rh6 g5 40. Rxh5 Kd4 41. Kf1 Ke4 42. Ke2 Kf5 43. Rh3 Ke4 44. Rc3 Bd6 45. Rc4+ Kd5 46. Ra4 Ke5 47. Kf3 f5 48. Ra5+ Kf6 49. h3 Bb4 50. Rb5 Be1 51. Rb6+ e6 52. g4 fxg4+ 53. hxg4 Bc3 54. Ke4 Be1 55. f3 Bf2 56. Rb5 Bg3 57. Rb1 Bd6 58. Rh1 Bf4 59. Kd4 Be5+ 60. Kc5 Bg3 61. Kc6 Bh4 62. Kd6 Bg3+ 63. Kd7 Bh4 64. Rh2 Ke5 65. Ra2 Bg3 66. Ra5+ Kf6 67. Ra6 Kf7 68. Rxe6 Bf4 69. Rb6 Be3 70. Rb5 Bd2 71. Rf5+ Kg6 72. Ke6 Bc3 73. Kd5 Bb2 74. Ke4 Bc1 75. Ra5 Bd2 76. Ra6+ Kf7 77. Kf5 Be3 78. Rg6 1-0

[Event "Aragon-chT Honor GrB"]
[Site "Aragon"]
[Date "2015.03.07"]
[Round "7.26"]
[White "Cerrajeria Ruiz, Jesus Maria"]
[Black "Garcia Vicente, Nieves"]
[Result "1-0"]
[WhiteElo "2163"]
[BlackElo "2171"]
[PlyCount "57"]
[EventDate "2015.01.24"]
[EventType "team-tourn"]
[EventRounds "7"]
[EventCountry "ESP"]
[SourceTitle "EXT 2017"]
[Source "ChessBase"]
[SourceDate "2016.10.25"]
[SourceVersion "1"]
[SourceVersionDate "2016.10.25"]
[SourceQuality "1"]
[WhiteTeam "Helios"]
[BlackTeam "Caissa"]
[WhiteTeamCountry "ESP"]
[BlackTeamCountry "ESP"]

1. f4 f5 2. e4 fxe4 3. Nc3 Nf6 4. g4 c6 5. g5 Nd5 6. f5 Qa5 7. Nxe4 Ne3 8. Qh5+ Kd8 9. g6 Qxf5 10. Qxf5 Nxf5 11. Ng5 Nh6 12. Nxh7 e5 13. d4 exd4 14. Bg5+ Kc7 15. 0-0-0 d5 16. Rxd4 Bc5 17. Bf4+ Kd8 18. Rd2 Ng4 19. Nh3 Re8 20. Bd3 Nd7 21. N3g5 Nh6 22. Nf7+ Nxf7 23. gxf7 Rh8 24. Rg2 Bd4 25. c3 Be5 26. Bg5+ Kc7 27. Be7 Nc5 28. Bxc5 Bh3 29. Rf2 1-0

[Event "Aragon-chT Honor GrB"]
[Site "Aragon"]
[Date "2015.02.28"]
[Round "6.26"]
[White "Glavina, Pablo"]
[Black "Cerrajeria Ruiz, Jesus Maria"]
[Result "1/2-1/2"]
[WhiteElo "2418"]
[BlackElo "2163"]
[PlyCount "208"]
[EventDate "2015.01.24"]
[EventType "team-tourn"]
[EventRounds "7"]
[EventCountry "ESP"]
[SourceTitle "EXT 2017"]
[Source "ChessBase"]
[SourceDate "2016.10.25"]
[SourceVersion "1"]
[SourceVersionDate "2016.10.25"]
[SourceQuality "1"]
[WhiteTeam "St Casablanca"]
[BlackTeam "Helios"]
[WhiteTeamCountry "ESP"]
[BlackTeamCountry "ESP"]

1. e4 c5 2. c3 Nf6 3. e5 Nd5 4. d4 d6 5. Nf3 Nc6 6. Bc4 dxe5 7. dxe5 e6 8. 0-0 Be7 9. Qe2 a6 10. a4 Na5 11. Ba2 Bd7 12. Nbd2 Nf4 13. Qe3 Nd5 14. Qe1 Bc6 15. Ne4 h6 16. b3 b5 17. Ba3 b4 18. cxb4 Nxb4 19. Bxb4 cxb4 20. Qe3 0-0 21. Rfd1 Bd5 22. Rd3 Rc8 23. Rad1 Qc7 24. Bb1 Rfd8 25. Re1 Nb7 26. Rd4 Bxe4 27. Qxe4 g6 28. Rc4 Qd7 29. Rd4 Qc7 30. h4 Nc5 31. Qe3 Rxd4 32. Nxd4 h5 33. g4 hxg4 34. h5 Kg7 35. hxg6 fxg6 36. Qe2 Bg5 37. Qxg4 Qe7 38. f4 Bh4 39. Re2 Rh8 40. f5 Qg5 41. Qxg5 Bxg5 42. fxg6 Rd8 43. Nf3 Rd1+ 44. Re1 Rxe1+ 45. Nxe1 Bd2 46. Nf3 Nxb3 47. Ba2 Be3+ 48. Kf1 Nc5 49. Ke2 Bc1 50. Kd1 Be3 51. Ke2 Bh6 52. Nd4 Nxa4 53. Nxe6+ Kxg6 54. Bb3 Nc3+ 55. Kd3 a5 56. Nc5 Bf8 57. Na4 Nb1 58. e6 Kf6 59. Nb6 Bd6 60. Nd5+ Ke5 61. e7 Bxe7 62. Nxe7 Kd6 63. Nf5+ Ke5 64. Nd4 Nc3 65. Bf7 a4 66. Ne6 Kd6 67. Kc4 Nd5 68. Nd4 Ne3+ 69. Kxb4 a3 70. Kxa3 Kc5 71. Nf3 Nc4+ 72. Kb3 Nd6 73. Bg6 Kd5 74. Kc3 Ne4+ 75. Kd3 Nc5+ 76. Ke3 Ne6 77. Bf7 Kd6 78. Ke4 Nc5+ 79. Kf5 Ke7 80. Bc4 Kd6 81. Ng5 Nd7 82. Ne4+ Kc6 83. Bf7 Nc5 84. Nf6 Kd6 85. Be8 Nd3 86. Bb5 Nc5 87. Be2 Nd7 88. Ng4 Nc5 89. Bc4 Nd7 90. Ba2 Kc5 91. Ke6 Nf8+ 92. Kf7 Nd7 93. Ke7 Nb6 94. Ke6 Nc4 95. Nh6 Kd4 96. Nf5+ Kc5 97. Bb3 Nd2 98. Bd5 Nc4 99. Ne7 Ne3 100. Bf3 Nc2 101. Ke5 Nd4 102. Be4 Kc4 103. Nd5 Nc6+ 104. Kd6 Kd4 1/2-1/2